Enfoques de sociología y economía política de la educación superior: aproximaciones al capitalismo académico en América Latina.

Αποθηκεύτηκε σε:
Λεπτομέρειες βιβλιογραφικής εγγραφής
Άλλοι συγγραφείς: Brunner, José Joaquín (Επιμελητής έκδοσης), Salmi, Jamil (Επιμελητής έκδοσης), Labraña, Julio (Επιμελητής έκδοσης)
Μορφή: Βιβλίο
Γλώσσα:Αγγλικά
Έκδοση: Santiago, Chile: Ediciones Universidad Diego Portales, 2022.
Έκδοση:Primera edición.
Σειρά:Colección educación
Θέματα:
Ετικέτες: Προσθήκη ετικέτας
Δεν υπάρχουν, Καταχωρήστε ετικέτα πρώτοι!

MARC

LEADER 00000nam a22000007a 4500
003 CL-VaPUC
005 20230410154403.0
008 230330t2022 ||||| |||| 00| 0 eng d
999 |c 440386  |d 440384 
020 |a 978-956-314-517-5 
040 |c Pontificia Universidad Católica de Valparaíso 
082 |2 22  |a 378.8 BRU 2022 
100 |a Brunner, José Joaquín  |9 881041  |e editor 
245 |a Enfoques de sociología y economía política de la educación superior:   |b aproximaciones al capitalismo académico en América Latina.  
250 |a Primera edición. 
260 |a Santiago, Chile:  |b Ediciones Universidad Diego Portales,   |c 2022. 
300 |a 355 páginas.  
490 |a Colección educación  
583 |c 20230330  |k Yessy Sthefany Diaz Vidal 
650 0 |9 223851  |a Educación superior   |v Enfoques   |x Sociología   |x Economía política  |z América Latina  
650 0 |9 256317  |a Universidades  |v Enfoque sociológico   |x Inclusión social   |z América Latina  
650 0 |a Universidades  |v Enfoque   |x Economía política  |x Relaciones de mercado   |x Capitalismo académico   |z América Latina   |9 881055 
650 0 |a Educación superior   |v Perspectiva analítica multidisciplinario   |9 223851  |z América Latina  
700 |9 881042  |a Salmi, Jamil  |e editor 
700 |9 881043  |a Labraña, Julio  |e editor 
942 |2 ddc  |c BK 
952 |0 0  |1 0  |2 ddc  |4 0  |6 378_800000000000000_BRU_2022  |7 0  |8 ED_SUP  |9 589344  |a BIBGIM  |b BIBGIM  |c S_PSTGRDO  |d 2023-03-30  |e Donación  |i 5656678  |o 378.8 BRU 2022  |p 5656678  |r 2025-01-15  |t 1  |w 2023-03-30  |y BK  |k ESU